000
00186nam a2200073Ia 4500
008
170524s9999 xx 000 0 und d
100
_a
PARHIZGAR- K.D
245
0
_a
GLOBAL BUSINESS ENVIRONMENTS
260
_b
MUMBAI : JAICO
999
_c
8527
_d
8527